00491 2200169 4500001002100000005001500021035002000036007000300056008004100059020002200100082000800122084001400130100003300144245006700177260003800244300003900282INLIS00000000000040120240327022832 a0010-0324000036ta240327 g 0 ind  a978-623-92892-5-6 a020 a020 RET a0 aRetno Sri Hartati Mulyandari1 aAgricultural Librarian Stories /cRetno Sri Hartati Mulyandari aBogor :bMotivaksi Inspira,c2020 a196 hlm, :bilus, ;c15 cm x 21 cm